Normal view
MARC view
- Zimmermann, Henry J
Entry Personal Name
001 - CONTROL NUMBER
- control field: 113864
003 - CONTROL NUMBER IDENTIFIER
- control field: NUST
005 - DATE AND TIME OF LATEST TRANSACTION
- control field: 20230727104530.0
008 - FIXED-LENGTH DATA ELEMENTS
- fixed length control field: 230727|| aca||aabn | a|a d
040 ## - CATALOGING SOURCE
- Original cataloging agency: NUST
- Transcribing agency: NUST
100 ## - HEADING--PERSONAL NAME
- Personal name: Zimmermann, Henry J
670 ## - SOURCE DATA FOUND
- Source citation: Work cat.: (NUST)182778: Mason, Samuel J. 113863, Electronic circuits, signals and systems /, 1960
